| 000 | 00533 a2200193 4500 | ||
|---|---|---|---|
| 020 | _a1-58053-011-7 | ||
| 035 | _a(Uk)013279508 | ||
| 040 |
_aDLC _bDLC |
||
| 082 | 0 | 0 | _a681.2 |
| 100 | 1 | _aDunn, William C. | |
| 245 | 1 | 0 |
_aIntroduction to instrumentation, sensors, and process control _cWilliam C. Dunn |
| 260 |
_aBoston, MA ; _aLondon : _bArtech House, _ccop. 2006 |
||
| 300 | _a331 s. | ||
| 650 | 7 | _aProcesstyrning | |
| 650 | 7 | _aProcess control | |
| 650 | 7 | _aDetectors | |
| 650 | 7 | _aProcess control | |
| 942 |
_cBK _k 681.2 DUN _2ddc |
||
| 999 |
_c8721 _d8721 |
||